Statistics for Africa Geography by Letter - H

Click here to take the quiz!

General Stats

  • This quiz has been taken 107 times
  • The average score is 9 of 21

Answer Stats

HintAnswer% Correct
Capital and biggest city of ZimbabweHarare
100%
The countries of Ethiopia, Somalia, Eritrea, and Djibouti are located on this peninsulaHorn of Africa
91%
Carnivore found throughout Africa that is known for its laughhyena
89%
Carthaginian general who fought against RomeHannibal
83%
Ethnic group native to Rwanda, Burundi, and eastern DR CongoHutu
83%
Writing system used in Ancient Egypthieroglyphs
80%
Most common religion in MauritiusHinduism
78%
Large semi-aquatic mammalhippopotamus
77%
Capital and largest city of SomalilandHargeisa
49%
Name of a people group and their language; native to northern Nigeria and the surrounding regionsHausa
46%
Small herbivorous mammal that lives across Africahyrax
14%
The smallest regional state of Ethiopia, named after it is the homeland forHarari
13%
The mysterious first foreigners to rule over EgyptHyksos
11%
Oldest football (soccer) club in Ghana; based in AccraHearts of Oak
10%
Southeastern province of DR CongoHaut-Katanga
9%
Swahili word that is the official motto of KenyaHarambee
7%
Capital city of Ethiopia's Sidama regional stateHawassa
6%
Namibian island that is an important breeding site for penguinsHalifax Island
5%
Ethnic group native to southern EthiopiaHadiya
4%
The lower house of the legislature of EthiopiaHouse of People's Representatives
4%
State in south central SomaliaHirshabelle
3%

Score Distribution

Percentile by Number Answered

Percent of People with Each Score

Your Score History

You have not taken this quiz